000 00662nam a2200217Ii 4500
001 12148
003 CO-ViMGA
008 241108s9999||||xx |||||||||||||| ||und||
020 _a8441300100
040 _aCO-ViMGA
_bspa
_erda
_cCO-ViMGA
041 0 _aunk
082 0 4 _a940.53-P681
100 1 _aBarrie Pitt
_953707
245 1 0 _a<La> segunda guerra mundial:
_bLa batalla del Atlántico II
264 1 _a[Lugar de publicación no identificado] : Ediciones Folio, 1995
300 _avolumen
336 _atext
_btxt
_2rdacontent
337 _aunmediated
_bn
_2rdamedia
338 _avolume
_bnc
_2rdacarrier
940 _aidficha_siabuc: 11858. -- ficha_no_siabuc:12148
999 _c50423
_d50423